| 000 | 00780nam a2200241 a 4500 | ||
|---|---|---|---|
| 001 | BRL_1234 | ||
| 005 | 20190320211111.0 | ||
| 008 | 031213s1993----fr-a#####c---#000-0#fre-# | ||
| 041 | _afre | ||
| 044 | _afr | ||
| 050 | 4 |
_aND546 _b.J66 1993 |
|
| 245 | 1 | 0 |
_aDe Jonckheere _bRencontre de Maitres XVIIIème exposition : Paysages et Natures Mortes. |
| 260 |
_aParis _bDe Jonckheere _c1993 |
||
| 300 |
_asin paginación _bil., 66 láminas _c27 cm. |
||
| 500 | _aAu1420 | ||
| 610 | 2 | 4 |
_aGaleria De Jonckheere (Paris) _vCatálogos _926212 |
| 650 | 1 | 4 |
_aPintura francesa _vCatálogos _926213 |
| 650 | 1 | 4 |
_aNaturaleza en el arte _vCatálogos _926214 |
| 650 | 1 | 4 |
_aPaisaje en el arte _vCatálogos _95003 |
| 710 | 2 |
_aGaleria De Jonckheere (Paris) _926215 |
|
| 902 | _aGRL | ||
| 942 |
_2lcc _cB |
||
| 999 |
_c10046 _d10046 |
||